| 000 | 00750nam a22002057a 4500 | ||
|---|---|---|---|
| 005 | 20100723110630.0 | ||
| 010 | _aENG-96773 | ||
| 020 |
_a9788189963071 _c500.00 |
||
| 035 | _aEN-80306 | ||
| 037 | _bDBAD/PUB | ||
| 082 | _a181.4 | ||
| 100 |
_aGupta,Bina _9894 |
||
| 245 |
_aReason and Experience in Indian Philosophy / _cby Bina Gupta |
||
| 260 |
_aNew Delhi _bIndian Council of Philosophical Research _c2009 |
||
| 270 |
_aDarshan Bhawan, 36, Tuglakabad Institutional Area, _e110007 |
||
| 300 |
_axii, 305 p _c21 cm (pbk) |
||
| 500 | _aincludes index | ||
| 942 |
_2ddc _cEN _h181.4 _mGUP |
||
| 999 |
_c37317 _d37317 |
||